| 000 | 00632nam a22002177a 4500 | ||
|---|---|---|---|
| 003 | UA-OsUOA | ||
| 001 | 42182 | ||
| 007 | ta | ||
| 008 | 20081128b un ||||| |||| 00| 0 ukr d | ||
| 090 | _a94(477).152 (К) | ||
| 942 | _cBK | ||
| 040 |
_aUA-OsUOA _bukr _cUA-OsUOA _dUA-OsUOA |
||
| 245 |
_aXVII Конгрес українців Канади _b8, 9, 10 і 11 жовтня 1992р. |
||
| 300 | _a150 с. | ||
| 955 | _a4 | ||
| 041 | _aukr | ||
| 080 | _a94(477).152 (К) | ||
| 246 | 3 | 1 | _aНова дійсність, нове майбутнє |
| 650 | 7 |
_a9 Географія. Біографії. Історія _2UDC |
|
| 999 |
_c440680 _d440680 |
||